|
|
|
|
| LEADER |
00000nam0a2200000 4500 |
| 001 |
331869 |
| 005 |
20231102004411.0 |
| 035 |
|
|
|a (RuTPU)RU\TPU\book\357729
|
| 090 |
|
|
|a 331869
|
| 100 |
|
|
|a 20170505d1978 k y0rusy50 ca
|
| 101 |
0 |
|
|a rus
|
| 102 |
|
|
|a UA
|
| 105 |
|
|
|a a z 001zy
|
| 200 |
1 |
|
|a Автоматический контроль температуры жидкого чугуна в литейном производстве
|e [монография]
|f Е. Г. Чугунный, Л. Ф. Жуков
|g Академия наук Украинской ССР (АН УССР), Институт проблем литья
|
| 210 |
|
|
|a Киев
|c Наукова думка
|d 1978
|
| 215 |
|
|
|a 175 с.
|c ил.
|
| 320 |
|
|
|a Библиогр.: с. 170-174
|
| 606 |
1 |
|
|a Чугунолитейное производство
|x Температурный режим
|2 stltpush
|3 (RuTPU)RU\TPU\subj\18924
|9 44273
|
| 610 |
1 |
|
|a жидкий чугун
|
| 610 |
1 |
|
|a литейное производство
|
| 610 |
1 |
|
|a автоматический контроль
|
| 610 |
1 |
|
|a температура
|
| 610 |
1 |
|
|a пирометрия
|
| 610 |
1 |
|
|a металлургические агрегаты
|
| 610 |
1 |
|
|a расплавы
|
| 610 |
1 |
|
|a контроль
|
| 610 |
1 |
|
|a методы
|
| 610 |
1 |
|
|a излучение
|
| 610 |
1 |
|
|a термопары
|
| 610 |
1 |
|
|a индикация
|
| 610 |
1 |
|
|a монографии
|
| 675 |
|
|
|a 621.746.5:669.1
|v 4
|
| 700 |
|
1 |
|a Чугунный
|b Е. Г.
|g Евгений Гаврилович
|
| 701 |
|
1 |
|a Жуков
|b Л. Ф.
|g Леонид Федорович
|
| 712 |
0 |
2 |
|a Академия наук Украинской ССР (АН УССР)
|b Институт проблем литья
|2 stltpush
|3 (RuTPU)RU\TPU\col\11734
|
| 801 |
|
1 |
|a RU
|b 63413507
|c 20170505
|
| 801 |
|
2 |
|a RU
|b 63413507
|c 20170511
|g RCR
|
| 942 |
|
|
|c BK
|